Catálogo

Vista normal Vista MARC

Entrada Personal Name

Número de registros utilizados en: 1

001 - CONTROL NUMBER

  • control field: 17314

003 - CONTROL NUMBER IDENTIFIER

  • control field: DLC

005 - DATE AND TIME OF LATEST TRANSACTION

  • control field: 20250711145936.0

008 - FIXED-LENGTH DATA ELEMENTS

  • fixed length control field: 010305n| acannaabn |n aaa

010 ## - LIBRARY OF CONGRESS CONTROL NUMBER

  • LC control number: n 2001100869
  • Canceled/invalid LC control number: n 2007071288

024 7# - OTHER STANDARD IDENTIFIER

  • Standard number or code: 0000000122833220
  • Source of number or code: isni

035 ## - SYSTEM CONTROL NUMBER

  • System control number: (OCoLC)oca05432152

040 ## - CATALOGING SOURCE

  • Original cataloging agency: DLC
  • Language of cataloging: spa
  • Transcribing agency: Mx-PuUPA
  • Modifying agency: NNU-L
  • Modifying agency: MH-AH
  • Modifying agency: DLC
  • Modifying agency: ScU
  • Modifying agency: NL-TiUL
  • Modifying agency: Mx-PuUPA
  • Description conventions: rda

046 ## - SPECIAL CODED DATES

  • Birth date: 19690709
  • Source of date scheme: edtf

100 1# - HEADING--PERSONAL NAME

  • Personal name: Mathewes, Charles T.,
  • Dates associated with a name: 1969-

372 ## - FIELD OF ACTIVITY

  • Field of activity: Religión
  • Source of term: lcsh

373 ## - ASSOCIATED GROUP

  • Associated group: Instituto de Estudios Avanzados en Cultura
  • Associated group: Universidd de Virginia
  • Associated group: Universidad de Georgetown
  • Associated group: Universidad de Chicago
  • Source of term: naf

374 ## - OCCUPATION

  • Occupation: Autor
  • Occupation: Educador religioso
  • Source of term: lcsh

375 ## - GENDER

  • Gender: hombre

377 ## - ASSOCIATED LANGUAGE

  • Language code: eng

670 ## - SOURCE DATA FOUND

  • Source citation: Mathewes, Charles T. Evil and the Augustinian tradition, 2001:
  • Information found: CIP t.p. (Charles T. Mathewes, Dept. of Religious Studies, Univ. of Virginia) data sheet (b. July 9, 1969)

670 ## - SOURCE DATA FOUND

  • Source citation: Having : property and possession in religious and social life, c2004:
  • Information found: (Charles Mathewes)

670 ## - SOURCE DATA FOUND

  • Source citation: Prophesies of godlessness, 2008:
  • Information found: t.p. (Charles Mathewes) data view (Fellow, Institute for Advanced Studies in Culture, Univ. of Virginia)

670 ## - SOURCE DATA FOUND

  • Source citation: University of Virginia website, October 18, 2022:
  • Information found: (Charles Mathewes, Carolyn M. Barbour Professor of Religious Studies; BA, Georgetown University; MA, University of Chicago; PhD, University of Chicago)
  • Uniform Resource Identifier: https://religiousstudies.as.virginia.edu/faculty/profile/ctm9d